[Event "AUTO-OPEN-2645"]
[Site "http://www.queenalice.com/game.php?id=1043634"]
[Date "2012.3.28"]
[Round "1"]
[White "Hoschi"]
[Black "mike52"]
[Result "1-0"]
[WhiteElo "1726"]
[BlackElo "1464"]

1. e4 e5 2. Nf3 d6 3. Bc4 Ne7 4. d4 f6 5. Nc3 a6 6. a3 b5 7. Ba2 exd4 8. Qxd4
Nec6 9. Qd5 Be7 10. Bf4 g5 11. Be3 h6 12. Qf7+ Kd7 13. Be6# 1-0

[Event "AUTO-OPEN-2645"]
[Site "http://www.queenalice.com/game.php?id=1043635"]
[Date "2012.3.28"]
[Round "1"]
[White "mike52"]
[Black "Hoschi"]
[Result "0-1"]
[WhiteElo "1437"]
[BlackElo "1770"]

1. e4 e5 2. d3 Nf6 3. a3 Bc5 4. Nf3 Nc6 5. b4 Bb6 6. Nc3 Ng4 7. h3 Nxf2 8. Qe2
Nxh1 9. Be3 Ng3 10. Qd2 Qh4 11. O-O-O Qe7 12. Nd5 Bxe3 13. Nxe3 a5 14. Nd5 Qd6
15. c4 axb4 16. Nxb4 Nxb4 17. Qxb4 Qxb4 18. axb4 Nxf1 19. Rxf1 Ra1+ 20. Kd2 Rxf1
21. Ke2 Rb1 22. b5 d6 23. Ng5 O-O 24. Nf3 f5 25. Nd2 Rb2 26. exf5 Rxf5 27. g4
Rf4 28. Ke3 h5 29. gxh5 Bxh3 30. Nf3 Bg4 31. Ng5 Re2# 0-1

[Event "Let's Play Chess!"]
[Site "http://www.queenalice.com/game.php?id=1044001"]
[Date "2012.3.29"]
[Round "-"]
[White "artkrup"]
[Black "Hoschi"]
[Result "0-1"]
[WhiteElo "1700"]
[BlackElo "1798"]

1. e4 e5 2. Nf3 Nc6 3. Nc3 Nf6 4. d3 Bb4 5. Bd2 d5 6. Na4 dxe4 7. Bc3 exf3 8.
Bxb4 Nxb4 9. a3 Nc6 10. Qxf3 O-O 11. c3 Bd7 12. Be2 Re8 13. O-O b6 14. b4 Ne7
15. Nb2 Ng6 16. Bd1 e4 17. dxe4 Nxe4 18. Bc2 Nd2 19. Qd3 Nxf1 20. Kxf1 Be6 21.
f4 Qxd3+ 22. Nxd3 Bc4 23. Kf2 Bxd3 24. Bxd3 Nxf4 25. Bc4 Re5 26. Rd1 Re7 27. Kg3
Nh5+ 28. Kf2 Rae8 29. g4 Nf6 30. Rd4 Ne4+ 31. Kg2 Nxc3 32. Bb5 Nxb5 0-1

[Event "AUTO-ADV-2482"]
[Site "http://www.queenalice.com/game.php?id=1052474"]
[Date "2012.4.25"]
[Round "1"]
[White "Modaste"]
[Black "Hoschi"]
[Result "1-0"]
[WhiteElo "1900"]
[BlackElo "1781"]

1. d4 d6 2. e4 g6 3. Bd3 Bg7 4. Ne2 Nf6 5. O-O O-O 6. c3 e5 7. f4 exd4 8. cxd4
Re8 9. e5 dxe5 10. fxe5 Nd5 11. Nbc3 Nc6 12. Qb3 Nxc3 13. Qxf7+ Kh8 14. bxc3 Be6
15. Qf4 Rf8 16. Qg5 Rxf1+ 17. Kxf1 Qd7 18. Nf4 Bf7 19. Bd2 Rf8 20. Kg1 Nd8 21.
Rf1 Qa4 22. d5 Be8 23. Qxd8 1-0

[Event "AUTO-ADV-2482"]
[Site "http://www.queenalice.com/game.php?id=1052475"]
[Date "2012.4.25"]
[Round "1"]
[White "Hoschi"]
[Black "Modaste"]
[Result "0-1"]
[WhiteElo "1810"]
[BlackElo "1858"]

1. e4 e5 2. Nf3 Nc6 3. Bc4 Bc5 4. c3 Nf6 5. d4 exd4 6. cxd4 Bb4+ 7. Nc3 Nxe4 8.
O-O Nxc3 9. bxc3 Bxc3 10. Ba3 d6 11. Rc1 Ba5 12. Qb3 O-O 13. Rc2 Bb6 14. Re1
Nxd4 15. Nxd4 Bxd4 16. Rce2 Qf6 17. Kh1 c6 18. f3 Bc3 0-1

[Event "AUTO-ADV-2482"]
[Site "http://www.queenalice.com/game.php?id=1052490"]
[Date "2012.4.25"]
[Round "1"]
[White "NickThorp"]
[Black "Hoschi"]
[Result "1-0"]
[WhiteElo "1628"]
[BlackElo "1770"]

1. e4 d6 2. d4 g6 3. Nc3 Bg7 4. Nf3 Nf6 5. Bg5 c6 6. Bd3 O-O 7. O-O Nbd7 8. e5
Ne8 9. exd6 Nxd6 10. Re1 Nf6 11. Qe2 e6 12. Na4 b6 13. Ne5 Bb7 14. c4 c5 15.
dxc5 bxc5 16. Nxc5 Qc7 17. Bxf6 Bxf6 18. Ncd7 Bxe5 19. Nxf8 Bxh2+ 20. Kxh2 Rxf8
21. Qe5 Rd8 22. c5 1-0

[Event "AUTO-ADV-2482"]
[Site "http://www.queenalice.com/game.php?id=1052491"]
[Date "2012.4.25"]
[Round "1"]
[White "Hoschi"]
[Black "NickThorp"]
[Result "1/2-1/2"]
[WhiteElo "1796"]
[BlackElo "1643"]

1. e4 e5 2. Nf3 Nc6 3. Bc4 Bc5 4. c3 d6 5. d4 exd4 6. cxd4 Bb4+ 7. Nc3 Bg4 8.
O-O Nf6 9. Qd3 O-O 10. e5 Bxf3 11. exf6 Bxg2 12. Kxg2 Qxf6 13. Kh1 Rfe8 14. Be3
Qf3+ 15. Kg1 Bxc3 16. bxc3 d5 17. Bb5 Qg4+ 18. Kh1 Qf3+ 19. Kg1 Qg4+ 20. Kh1
1/2-1/2

[Event "AUTO-ADV-2482"]
[Site "http://www.queenalice.com/game.php?id=1052502"]
[Date "2012.4.25"]
[Round "1"]
[White "Hoschi"]
[Black "EdsonEstevam"]
[Result "0-1"]
[WhiteElo "1735"]
[BlackElo "1871"]

1. e4 e5 2. Nf3 Nc6 3. Bc4 Bc5 4. c3 Nf6 5. d4 exd4 6. cxd4 Bb4+ 7. Nc3 Nxe4 8.
O-O Nxc3 9. bxc3 Be7 10. Re1 O-O 11. Bf4 d5 12. Bb3 Bg4 13. Qd3 Bf6 14. Re3 Ne7
15. Ne5 Bf5 16. Qd1 Be4 17. Qg4 Bxe5 18. Bxe5 f6 19. Bf4 Nf5 20. Rxe4 Re8 21.
Rxe8+ Qxe8 22. Qxf5 c6 23. Bxd5+ cxd5 24. Kf1 Rc8 25. Bd2 Rd8 26. Rb1 b6 27. Rb5
Qxb5+ 28. Ke1 Re8+ 29. Kd1 a5 0-1

[Event "AUTO-ADV-2482"]
[Site "http://www.queenalice.com/game.php?id=1052503"]
[Date "2012.4.25"]
[Round "1"]
[White "EdsonEstevam"]
[Black "Hoschi"]
[Result "0-1"]
[WhiteElo "1863"]
[BlackElo "1739"]

1. e4 d6 2. d4 g6 3. Nc3 Bg7 4. Nf3 Nf6 5. h3 O-O 6. Bd3 c5 7. d5 Nbd7 8. Bg5
Ne8 9. Bd2 Nc7 10. Rb1 e6 11. O-O exd5 12. Nxd5 Re8 13. Re1 Nf6 14. Bg5 Ne6 15.
c4 a6 16. a3 Nxg5 17. Nxg5 Nxd5 18. cxd5 Qxg5 19. Qf3 Bd7 20. b4 b6 21. bxc5
bxc5 22. Rb7 Re7 23. Reb1 Ba4 24. R7b6 Be5 25. Bxa6 Rea7 26. Bf1 Bd7 27. a4 Rxa4
28. Rb7 Qe7 29. Bb5 R4a7 30. Rxa7 Rxa7 31. Bxd7 Rxd7 32. Qe3 Bd4 33. Qh6 Rb7 34.
Rd1 Qxe4 35. Kf1 Qxd5 36. Re1 Rb8 37. h4 Qa8 38. h5 Re8 39. Rd1 Qa2 40. Qf4 Qe2+
41. Kg1 Qxd1+ 42. Kh2 Be5 43. Qxe5 Rxe5 44. f3 Rxh5+ 45. Kg3 Qe1+ 46. Kf4 Qe5+
47. Kg4 f5# 0-1

[Event "AUTO-ADV-2429"]
[Site "http://www.queenalice.com/game.php?id=1056351"]
[Date "2012.5.5"]
[Round "2"]
[White "vindaloo"]
[Black "Hoschi"]
[Result "0-1"]
[WhiteElo "1898"]
[BlackElo "1745"]

1. e4 e5 2. Nf3 Nc6 3. c3 Nf6 4. d3 Be7 5. Be2 d5 6. exd5 Nxd5 7. O-O O-O 8. Re1
Re8 9. b4 Bf6 10. Qc2 Bf5 11. Bb2 e4 12. dxe4 Bxe4 13. Qd2 Qd7 14. Na3 Re6 15.
Nc4 b5 16. Ne3 a6 17. h3 Rd8 18. Nxd5 Bxd5 19. Rad1 Rd6 20. Qc2 Bxa2 21. Rxd6
Qxd6 22. Rd1 Qe7 23. Re1 Bd5 24. Bd3 Qf8 25. Bxh7+ Kh8 26. Bd3 Bxf3 27. gxf3 Ne5
28. Be4 Qe7 29. f4 Nf3+ 30. Bxf3 Qxe1+ 31. Kg2 Rd6 32. Bc1 Qe6 33. Bg4 Qe8 34.
Be3 Qc6+ 35. Bf3 Qxc3 36. Qxc3 Bxc3 37. Bc5 Rg6+ 38. Kf1 a5 39. bxa5 Bxa5 40. f5
Rh6 41. Bg4 b4 42. Ke2 Rc6 43. Bd4 b3 44. Kd1 Bc3 45. Be3 Ra6 46. Bd2 Ra1+ 0-1

[Event "AUTO-ADV-2429"]
[Site "http://www.queenalice.com/game.php?id=1056352"]
[Date "2012.5.5"]
[Round "2"]
[White "Hoschi"]
[Black "vindaloo"]
[Result "0-1"]
[WhiteElo "1769"]
[BlackElo "1831"]

1. e4 c5 2. d4 cxd4 3. c3 d5 4. exd5 Qxd5 5. cxd4 Nc6 6. Nf3 Bg4 7. Be2 Nf6 8.
Nc3 Qd8 9. O-O e6 10. Bg5 Be7 11. Rc1 h6 12. Bh4 O-O 13. Re1 Qb6 14. b3 Rad8 15.
Bxf6 Bxf6 16. Ne4 Bxd4 17. Nxd4 Bxe2 18. Rxe2 Rxd4 19. Qe1 e5 20. Nc5 Re8 21.
Na4 Qc7 22. g3 Qd6 23. f4 f6 24. Nc3 a6 25. Ne4 Qb8 26. fxe5 Rxe5 27. Nf2 Rdd5
28. Ng4 Rxe2 29. Qxe2 Ne5 30. h3 b5 31. Rc3 h5 32. Nxf6+ gxf6 33. Qxh5 Qd8 34.
Qe2 Rd1+ 0-1

[Event "AUTO-ADV-2429"]
[Site "http://www.queenalice.com/game.php?id=1056355"]
[Date "2012.5.5"]
[Round "2"]
[White "tewald"]
[Black "Hoschi"]
[Result "0-1"]
[WhiteElo "1910"]
[BlackElo "1760"]

1. d4 d5 2. Nf3 Nf6 3. e3 Bf5 4. c4 e6 5. cxd5 exd5 6. Nc3 c5 7. dxc5 Bxc5 8.
Bd3 Be6 9. Na4 Bd6 10. O-O O-O 11. Nd4 Bd7 12. Nc3 Nc6 13. Nf5 Bxf5 14. Bxf5 Bb4
15. Qd4 Nxd4 0-1

[Event "AUTO-ADV-2429"]
[Site "http://www.queenalice.com/game.php?id=1056356"]
[Date "2012.5.5"]
[Round "2"]
[White "Hoschi"]
[Black "tewald"]
[Result "0-1"]
[WhiteElo "1782"]
[BlackElo "1886"]

1. e4 e6 2. d4 d5 3. Nc3 Nf6 4. Bg5 dxe4 5. Nxe4 Be7 6. Nxf6+ Bxf6 7. Bxf6 Qxf6
8. Nf3 O-O 9. Bc4 Nc6 10. c3 a6 11. O-O b5 12. Bd3 Bb7 13. Be4 Rab8 14. Qd3 g6
15. Rfe1 Rfd8 16. Re3 Na5 17. Ne5 c5 18. Bxb7 Rxb7 19. Re4 c4 20. Qh3 Qg7 21.
Rd1 Rb6 22. g4 Rd5 23. f4 f5 24. gxf5 gxf5+ 0-1

[Event "AUTO-ADV-2429"]
[Site "http://www.queenalice.com/game.php?id=1056359"]
[Date "2012.5.5"]
[Round "2"]
[White "Hoschi"]
[Black "marktwain"]
[Result "0-1"]
[WhiteElo "1746"]
[BlackElo "1974"]

1. e4 c5 2. d4 cxd4 3. c3 Nf6 4. e5 Nd5 5. cxd4 e6 6. Nf3 d6 7. Bc4 dxe5 8. Nxe5
Qc7 9. b3 Bd6 10. Qd3 Bxe5 0-1

[Event "AUTO-ADV-2429"]
[Site "http://www.queenalice.com/game.php?id=1056360"]
[Date "2012.5.5"]
[Round "2"]
[White "marktwain"]
[Black "Hoschi"]
[Result "1-0"]
[WhiteElo "1992"]
[BlackElo "1751"]

1. e4 e5 2. Nf3 Nc6 3. Bb5 a6 4. Ba4 Nf6 5. O-O b5 6. Bb3 d6 7. Ng5 Be6 8. Bxe6
fxe6 9. Nxe6 Qe7 10. Nxf8 Rxf8 11. d3 Nd4 12. c3 Ne6 13. Re1 c5 14. Na3 d5 15.
exd5 Nxd5 16. Rxe5 Ndc7 17. Bg5 Qf7 18. Qe2 h6 19. Be3 b4 20. Nc4 O-O-O 21. cxb4
cxb4 22. Rc1 Kb8 23. Na5 Rd6 24. Bc5 Nxc5 25. Rexc5 Nb5 26. Nc6+ 1-0

[Event "AUTO-OPEN-2624"]
[Site "http://www.queenalice.com/game.php?id=1062623"]
[Date "2012.5.22"]
[Round "2"]
[White "AlekinePb"]
[Black "Hoschi"]
[Result "1-0"]
[WhiteElo "1971"]
[BlackElo "1747"]

1. d4 d5 2. Nf3 Nf6 3. c4 c6 4. Nc3 e6 5. Bg5 Nbd7 6. e3 Bb4 7. Rc1 O-O 8. c5 b6
9. Bd3 bxc5 10. dxc5 Bxc5 11. O-O a5 12. e4 Qc7 13. exd5 exd5 14. Na4 Be7 15.
Qc2 Re8 16. Qxc6 Qxc6 17. Rxc6 Ra7 18. Rfc1 Bb7 19. R6c2 Rd8 20. Nd4 h6 21. Be3
Ba6 22. Bxa6 Rxa6 23. Nc6 Re8 24. Nxe7+ Rxe7 25. Rc8+ Kh7 26. h3 Ne5 27. f4 Nc4
28. Kf2 Nxe3 29. Re1 d4 30. Nc5 Rd6 31. Nd3 Ne4+ 32. Kf3 Nf6 33. Rec1 Ned5 34.
Ne5 Nb4 35. a3 Na6 36. Ke2 Nh5 37. Kf3 d3 38. g4 Nf6 39. h4 d2 40. Rd1 g6 41.
Nc4 Rd5 42. Rxd2 Rxd2 43. Nxd2 Rc7 44. Rd8 Rc2 45. Nb3 a4 46. Na5 Rxb2 47. g5
hxg5 48. hxg5 Nh5 49. Nc6 Rb3+ 50. Ke4 Nc7 51. Ne5 Ne6 52. Rd7 Ng3+ 53. Kd5
Nxf4+ 54. Kc4 Nfh5 55. Nxf7 Ng7 56. Nh6 Nf5 57. Ng4 Kg8 58. Nf6+ Kf8 59. Ra7
Rxa3 60. Kb4 Rg3 61. Rxa4 Rxg5 62. Nh7+ Ke7 63. Nxg5 Kf6 64. Nh7+ Ke5 65. Kc3
Ke6 66. Kd3 Nh5 67. Ke4 Kf7 68. Ra7+ Kg8 69. Ke5 Nfg7 70. Nf6+ Nxf6 71. Kxf6 Kh7
72. Rxg7+ 1-0

[Event "AUTO-OPEN-2624"]
[Site "http://www.queenalice.com/game.php?id=1062624"]
[Date "2012.5.22"]
[Round "2"]
[White "Hoschi"]
[Black "AlekinePb"]
[Result "0-1"]
[WhiteElo "1774"]
[BlackElo "1887"]

1. e4 e6 2. d4 d5 3. Nc3 dxe4 4. Nxe4 Nf6 5. Bg5 Be7 6. Nxf6+ Bxf6 7. Be3 b6 8.
Nf3 Bb7 9. Bb5+ Nd7 10. Qd3 Bxf3 11. gxf3 O-O 12. Qe4 c5 13. Bd3 cxd4 14. Bxd4
g6 15. O-O-O Qc7 16. Bb5 Rac8 17. c3 Bxd4 18. Rxd4 Nc5 19. Qe2 a6 20. Bd3 b5 21.
h4 Nxd3+ 22. Qxd3 Rfd8 23. Kd2 Rxd4 24. cxd4 Qf4+ 25. Ke2 Rc4 26. Rd1 h5 27. b3
Rc1 28. Rxc1 Qxc1 29. Qd2 Qb1 30. Ke3 Qf5 31. Qd3 Qh3 32. Qe4 Qh2 33. Qb7 Qxh4
34. Qxa6 Qg5+ 35. Ke2 Qd5 36. Qc8+ Kg7 37. Qc3 h4 38. Ke3 h3 39. Qe1 Qg5+ 40.
Ke2 Qg2 41. Qf1 Kh6 42. a4 bxa4 43. bxa4 Kg5 44. a5 Kf4 45. a6 Qxf3+ 0-1

[Event "AUTO-OPEN-2624"]
[Site "http://www.queenalice.com/game.php?id=1062631"]
[Date "2012.5.22"]
[Round "2"]
[White "Hoschi"]
[Black "Sportolna"]
[Result "1-0"]
[WhiteElo "1765"]
[BlackElo "1634"]

1. e4 e5 2. Bc4 c6 3. d4 b5 4. Bb3 Qf6 5. Nf3 exd4 6. O-O c5 7. Bg5 Qg6 8. Bd5
Nc6 9. Re1 h6 10. Bf4 Bd6 11. Bxd6 Qxd6 12. c3 dxc3 13. Nxc3 a6 14. Qc2 Nf6 15.
Rad1 O-O 16. Bxf7+ Rxf7 17. Rxd6 Re7 18. e5 Ne8 19. Nd5 Re6 20. Rxe6 dxe6 21.
Nb6 Rb8 22. Nxc8 Rxc8 23. Qxc5 g5 24. Nd4 1-0

[Event "AUTO-OPEN-2624"]
[Site "http://www.queenalice.com/game.php?id=1062632"]
[Date "2012.5.22"]
[Round "2"]
[White "Sportolna"]
[Black "Hoschi"]
[Result "1-0"]
[WhiteElo "1763"]
[BlackElo "1763"]

1. e4 e5 2. Nh3 Nf6 3. Bc4 c6 4. Nc3 d5 5. exd5 cxd5 6. Nxd5 Nxd5 7. Qf3 Be6 8.
Ng5 Qd7 9. O-O Nf4 10. Bxe6 Nxe6 11. Qe4 Nxg5 12. Qxe5+ Ne6 13. Re1 Nc6 14. Qc3
Bb4 15. Qxg7 Ke7 16. c3 Bd6 17. d4 Rag8 18. Qh6 Rg6 19. Qh4+ f6 20. d5 Ne5 21.
dxe6 Qxe6 22. f4 Kf7 23. fxe5 Bxe5 24. Bf4 Qb6+ 25. Kh1 Bxf4 26. Qxf4 Rc8 27.
Qf5 Qxb2 28. Qd5+ Kf8 29. Qd6+ Kg7 30. Qd7+ Kh6 31. Qh3+ Kg7 32. Re7+ Kf8 33.
Qxc8+ Kxe7 34. Re1+ Kd6 35. Re6+ Kd5 36. Qd7+ Kc4 37. Qc7+ Kd5 38. Rd6+ Ke4 39.
Qe7+ Kf4 40. Rd4+ Kg5 41. Rd5+ Kh6 42. Qf8+ Rg7 43. Qxf6+ Rg6 44. Qf8+ Rg7 45.
Rd6+ Kg5 46. Qxg7+ Kf4 47. Qd4+ Kf5 48. Rd5+ Ke6 49. Qe5+ Kf7 50. Rd7+ Kg6 51.
Rd6+ Kf7 52. Qe6+ Kg7 53. Rd7+ Kf8 54. Rf7+ Kg8 55. Qe8# 1-0

[Event "AUTO-OPEN-2693"]
[Site "http://www.queenalice.com/game.php?id=1062862"]
[Date "2012.5.23"]
[Round "1"]
[White "CCapivara"]
[Black "Hoschi"]
[Result "1-0"]
[WhiteElo "2048"]
[BlackElo "1770"]

1. e4 e5 2. f4 exf4 3. Nf3 d5 4. exd5 Nf6 5. Bb5+ Bd7 6. Qe2+ Be7 7. Nc3 O-O 8.
O-O Re8 9. Bxd7 Nbxd7 10. d4 Nb6 11. Bxf4 Nbxd5 12. Bd2 Bb4 13. Qd3 Qd6 14. Nxd5
Bxd2 15. Nxf6+ Qxf6 16. Qxd2 Rad8 17. c3 Qf5 18. Rae1 Qa5 19. a3 Qd5 20. Rxe8+
Rxe8 21. Re1 Rd8 22. Qf4 Rc8 23. Re7 Qd8 24. Qxf7+ Kh8 25. Qxg7# 1-0

[Event "AUTO-OPEN-2693"]
[Site "http://www.queenalice.com/game.php?id=1062863"]
[Date "2012.5.23"]
[Round "1"]
[White "Hoschi"]
[Black "CCapivara"]
[Result "0-1"]
[WhiteElo "1755"]
[BlackElo "2054"]

1. e4 d6 2. d4 Nf6 3. Nc3 c6 4. f3 Nbd7 5. Bc4 e5 6. Nge2 Be7 7. Be3 O-O 8. g4
b5 9. Bd3 b4 10. Na4 d5 11. g5 Nh5 12. Qd2 f6 13. h4 fxg5 14. hxg5 g6 15. exd5
cxd5 16. Rf1 Bb7 17. Bb5 Rc8 18. b3 e4 19. f4 Nb6 20. Rg1 Nxa4 21. Bxa4 Bc6 22.
Bxc6 Rxc6 23. Rc1 Qa5 24. Ng3 Nxg3 25. Rxg3 Qxa2 26. Kf2 Rfc8 27. Ke1 Rxc2 28.
Rxc2 Rxc2 29. Qd1 Qxb3 0-1

[Event "AUTO-OPEN-2693"]
[Site "http://www.queenalice.com/game.php?id=1062886"]
[Date "2012.5.23"]
[Round "1"]
[White "Hoschi"]
[Black "spitty"]
[Result "0-1"]
[WhiteElo "1767"]
[BlackElo "2264"]

1. e4 e5 2. Bc4 Nf6 3. d4 exd4 4. Nf3 Bb4+ 5. Bd2 Bxd2+ 6. Nfxd2 O-O 7. O-O Nc6
8. c3 d5 9. exd5 Nxd5 10. cxd4 Nf4 11. g3 Nh3+ 12. Kh1 Qxd4 13. Qc2 Nxf2+ 14.
Kg2 Bh3+ 0-1

[Event "AUTO-OPEN-2693"]
[Site "http://www.queenalice.com/game.php?id=1062887"]
[Date "2012.5.23"]
[Round "1"]
[White "spitty"]
[Black "Hoschi"]
[Result "1-0"]
[WhiteElo "2383"]
[BlackElo "1776"]

1. e4 e5 2. f4 exf4 3. Nf3 d5 4. exd5 Nf6 5. c4 c6 6. Nc3 Bd6 7. d4 cxd5 8. c5
Bc7 9. Bb5+ Nc6 10. Qe2+ Qe7 11. Ne5 O-O 12. Nxc6 Qxe2+ 13. Nxe2 bxc6 14. Bxc6
Rb8 15. Nxf4 Bxf4 16. Bxf4 Rxb2 17. O-O Bd7 18. Bc1 Rbb8 19. Rxf6 gxf6 20. Bxd7
Rb4 21. c6 Rc4 22. Ba3 Rd8 23. Bc5 a5 24. c7 1-0